| 000 | 00841nam a22002417a 4500 | ||
|---|---|---|---|
| 003 | UA-OsUOA | ||
| 001 | 127759 | ||
| 007 | ta | ||
| 008 | 20171212b un ||||| |||| 00| 0 ukr d | ||
| 100 | _aБетко І. | ||
| 090 |
_a82.09(477) _bБ54 |
||
| 942 | _cBK | ||
| 040 |
_aUA-OsUOA _bukr _cUA-OsUOA _dUA-OsUOA |
||
| 245 |
_aНа шляхах духовної інтеграції _bглибиннопсихологічні, релігійно-філософські та ритуально-міфологічні мотиви в українській постмодерній прозі |
||
| 300 | _a264 с. | ||
| 955 | _a1 | ||
| 041 | _aukr | ||
| 080 | _a82.09(477) | ||
| 020 | _a978-83-7299-673-2 | ||
| 260 |
_aOlsztun _bUWM _c2010 |
||
| 650 | 7 |
_a82 Література. Літературознавство _2UDC |
|
| 999 |
_c414996 _d414996 |
||